Beginners need some decoding skill to read words by analogy (Record no. 63219)

MARC details
000 -CABECERA
campo de control de longitud fija 00628nam a2200229 a 4500
005 - FECHA Y HORA DE LA ÚLTIMA TRANSACCIÓN
campo de control 20210219152907.0
008 - ELEMENTOS DE LONGITUD FIJA--INFORMACIÓN GENERAL
campo de control de longitud fija 991125n 000 0 eng u
035 ## - NÚMERO DE CONTROL DEL SISTEMA
Número de control de sistema UPN01000065962
100 ## - ASIENTO PRINCIPAL--NOMBRE PERSONAL
Nombre de persona Ehri, Linnea
222 ## - TÍTULO CLAVE
Título clave READING RESEARCH QUARTERLY
245 ## - MENCIÓN DE TÍTULO
Título Beginners need some decoding skill to read words by analogy
300 ## - DESCRIPCIÓN FÍSICA
Extensión 12-27
362 ## - FECHAS DE PUBLICACIÓN Y/O DESIGNACIÓN SECUENCIAL
Fecha de publicación y/o designación secuencial 1992 27, No. 1
505 ## - NOTA DE CONTENIDO CON FORMATO PREESTABLECIDO
Nota de contenido con formato Mayo 1992
653 0# - TERMINO DE INDIZACION - NO CONTROLADO
Término no controlado ESTRATEGIAS DE LECTURA
653 0# - TERMINO DE INDIZACION - NO CONTROLADO
Término no controlado HABILIDAD LECTORA
653 0# - TERMINO DE INDIZACION - NO CONTROLADO
Término no controlado LECTURA INICIAL
653 0# - TERMINO DE INDIZACION - NO CONTROLADO
Término no controlado RECONOCIMIENTO DE PALABRAS
700 ## - ASIENTO SECUNDARIO--NOMBRE DE PERSONAL
Nombre de persona Robbins, Claudia
904 ## - ELEMENTOS DE DATOS D LOCAL, LDD (RLIN)
a AC
b 003773
905 ## - TIPO DE MATERIAL
Tipo de material Articulo

No items available.